004410000a22001210004500090001700000245012500017041001400142700003300156100003500189942001300224773006500237999001700302 aASbSeriadas10aCenso preliminar de primates en la reserva forestal protectora Serranía de Coraza - Montes de María, Sucre, Colombia0 aEspañol1 aDe la Ossa V., Jaime91003341 aFajardo Patiño, Alirio95948 cARTICULO1 tTrianeakActa Científica y Tecnológicah5q289-303d1994 c16139d16139